000 00731nab a2200229u 4500
001 13036
003 HDC
007 c| |||a|c|aaaa
008 210211b99999999my ||||o |||| 00| 0 eng d
040 _aHDC
245 0 _aHalal food market worth US$45.3 billion, grows rapidly
336 _atext
_2rdacontent
337 _acomputer
_2rdamedia
338 _aonline resource
_2rdacarrier
650 _ahalal products
_9642
650 _avegan labels
_913887
710 _aFocus on Travel News
856 _zRequest full-text at [email protected]
942 _2lcc
942 _cNEWS
942 _kNWS0 003410
999 _c10352
_d10352